3 Biggest Cities in each Region of The United States - Statistics

General Stats
  • This quiz has been taken 20 times
  • The average score is 96 of 165
Answer Stats
Region + Rank Population City % Correct
New York 1 21,085,411 New York City
100%
Georgia 1 5,309,407 Atlanta
95%
Maryland 1 2,380,602 Baltimore
95%
Massachusetts 1 5,014,480 Boston
95%
New York 2 1,057,346 Buffalo
95%
Illinois 1 9,552,941 Chicago
95%
Ohio 2 2,027,550 Columbus
95%
Texas 1 8,127,260 Dallas
95%
Colorado 1 3,640,339 Denver
95%
Michigan 1 4,119,673 Detroit
95%
Texas 2 7,806,542 Houston
95%
California 1 17,315,460 Los Angeles
95%
Florida 1 6,229,012 Miami
95%
Minnesota 1 3,552,646 Minneapolis
95%
Florida 3 2,281,187 Orlando
95%
Pennsylvania 1 5,805,721 Philadelphia
95%
Arizona 1 4,406,929 Phoenix
95%
New York 3 730,712 Rochester
95%
Minnesota 3 158,809 Rochester
95%
Utah 1 2,612,705 Salt Lake City
95%
Texas 3 2,503,916 San Antonio
95%
California 3 3,510,577 San Diego
95%
California 2 7,208,355 San Francisco
95%
Washington 1 4,625,298 Seattle
95%
Florida 2 4,301,370 Tampa
95%
New Mexico 1 790,108 Albuquerque
89%
North Carolina 1 1,807,392 Charlotte
89%
Ohio 3 1,707,245 Cincinnati
89%
Ohio 1 2,313,040 Cleveland
89%
Indiana 1 1,990,307 Indianapolis
89%
Missouri 2 1,749,037 Kansas City
89%
Nevada 1 2,227,493 Las Vegas
89%
Wisconsin 1 1,436,960 Milwaukee
89%
Oklahoma 1 1,629,810 Oklahoma City
89%
Pennsylvania 2 1,602,883 Pittsburgh
89%
Oregon 1 2,198,845 Portland
89%
Maine 1 196,440 Portland
89%
Missouri 1 2,160,059 St. Louis
89%
Alaska 1 290,621 Anchorage
84%
Colorado 2 719,950 Colorado Springs
84%
Hawaii 1 1,008,323 Honolulu
84%
Mississippi 1 356,580 Jackson
84%
Tennessee 2 1,108,155 Memphis
84%
Tennessee 1 1,193,407 Nashville
84%
Louisiana 1 1,018,302 New Orleans
84%
Nebraska 1 872,660 Omaha
84%
North Carolina 2 1,510,066 Raleigh
84%
Puerto Rico 1 1,912,010 San Juan
84%
Massachusetts 2 402,215 Springfield
84%
Arizona 2 1,073,483 Tucson
84%
Louisiana 2 511,219 Baton Rouge
79%
South Carolina 1 770,118 Charleston
79%
West Virginia 1 132,772 Charleston
79%
Arkansas 2 382,535 Little Rock
79%
Kentucky 1 1,116,790 Louisville
79%
New Jersey 2 580,419 Newark
79%
Rhode Island 1 945,280 Providence
79%
Virginia 3 1,061,085 Richmond
79%
Washington 2 517,806 Spokane
79%
Virginia 1 1,780,961 Virginia Beach
79%
Colorado 3 410,912 Aurora
74%
Montana 1 143,065 Billings
74%
Alabama 1 668,071 Birmingham
74%
Idaho 1 627,013 Boise
74%
Iowa 1 559,048 Des Moines
74%
Alaska 2 73,148 Fairbanks
74%
Michigan 2 807,501 Grand Rapids
74%
New Jersey 1 803,495 Jersey City
74%
Alaska 3 35,016 Juneau
74%
Nebraska 2 332,757 Lincoln
74%
Arizona 3 529,570 Mesa
74%
Nevada 2 451,060 Reno
74%
Oklahoma 2 803,024 Tulsa
74%
South Carolina 2 711,160 Columbia
68%
Delaware 3 107,215 Dover
68%
North Dakota 1 240,174 Fargo
68%
Connecticut 2 822,073 Hartford
68%
Michigan 3 366,092 Lansing
68%
Kentucky 2 380,277 Lexington
68%
Wisconsin 2 526,778 Madison
68%
Alabama 3 261,105 Mobile
68%
Minnesota 2 310,975 Saint Paul
68%
South Dakota 1 218,750 Sioux Falls
68%
Kansas 1 540,218 Wichita
68%
North Dakota 2 115,012 Bismarck
63%
Wyoming 1 83,273 Cheyenne
63%
North Carolina 3 1,229,007 Greensboro
63%
Alabama 2 402,359 Huntsville
63%
Tennessee 3 610,397 Knoxville
63%
Utah 2 603,511 Ogden
63%
Utah 3 417,065 Provo
63%
Oregon 2 307,092 Salem
63%
Pennsylvania 3 801,229 Allentown
58%
Connecticut 3 358,210 Bridgeport
58%
Oregon 3 280,596 Eugene
58%
Arkansas 1 440,190 Fayetteville
58%
Indiana 2 413,507 Fort Wayne
58%
Nevada 3 337,093 Henderson
58%
New Mexico 2 172,014 Las Cruces
58%
New Hampshire 1 205,833 Manchester
58%
Vermont 1 121,850 Burlington
53%
Connecticut 1 1,105,923 New Haven
53%
New Mexico 3 130,057 Santa Fe
53%
Louisiana 3 274,083 Shreveport
53%
Delaware 1 509,158 Wilmington
53%
Massachusetts 3 381,130 Worcester
53%
Virginia 2 1,581,170 Alexandria
47%
Mississippi 2 245,806 Biloxi
47%
Iowa 2 217,012 Cedar Rapids
47%
Iowa 3 163,916 Davenport
42%
Nebraska 3 65,255 Bellevue
37%
New Hampshire 3 42,110 Concord
37%
North Dakota 3 71,520 Grand Forks
37%
West Virginia 3 102,706 Morgantown
37%
Illinois 2 408,135 Naperville
37%
New Hampshire 2 146,051 Nashua
37%
Kansas 2 271,041 Overland Park
37%
Hawaii 2 106,702 Pearl City
37%
Maine 2 56,620 Bangor
32%
Montana 3 80,350 Bozeman
32%
Wyoming 2 72,350 Casper
32%
Indiana 3 396,201 Gary
32%
Montana 2 100,994 Missoula
32%
Oklahoma 3 133,880 Norman
32%
Washington 3 492,106 Vancouver
32%
Kentucky 3 110,516 Bowling Green
26%
West Virginia 2 104,049 Huntington
26%
Georgia 2 390,570 Marietta
26%
Idaho 2 162,054 Nampa
26%
American Samoa 2 9,170 Pago Pago
26%
South Dakota 2 109,970 Rapid City
26%
South Dakota 3 30,913 Aberdeen
21%
Hawaii 3 80,057 Kailua
21%
Rhode Island 2 106,282 Pawtucket
21%
Mississippi 3 136,710 Southaven
21%
Rhode Island 3 102,078 Warwick
21%
Wisconsin 3 292,070 Appleton
16%
Puerto Rico 3 183,056 Bayamón
16%
New Jersey 3 489,052 Camden
16%
Guam 1 128,606 Dededo
16%
Wyoming 3 37,180 Gillette
16%
South Carolina 3 602,006 Greenville
16%
Maine 3 53,059 Lewiston
16%
Kansas 3 260,093 Olathe
16%
Vermont 2 31,704 Rutland
16%
Vermont 3 23,061 South Burlington
16%
Missouri 3 312,490 St Charles
16%
U.S. Virgin Islands 1 46,143 Charlotte Amalie
11%
U.S. Virgin Islands 2 31,290 Christiansted
11%
Idaho 3 124,095 Coeur d'Alene
11%
Guam 3 17,368 Hagåtña
11%
Guam 2 20,551 Tamuning
11%
Puerto Rico 2 191,924 Caguas
5%
Maryland 3 184,156 Gaithersburg
5%
Northern Mariana Islands 2 7,091 Garapan
5%
Delaware 2 130,606 Rehoboth Beach
5%
Arkansas 3 276,990 Rogers
5%
American Samoa 1 25,823 Tafuna
5%
Illinois 3 386,403 Waukegan
5%
Maryland 2 210,468 Bel Air
0%
U.S. Virgin Islands 3 11,108 Frederiksted
0%
Northern Mariana Islands 3 4,726 Kagman
0%
Georgia 3 359,143 Lawrenceville
0%
American Samoa 3 6,215 Leone
0%
Northern Mariana Islands 1 15,316 Susupe
0%
No matching quizzes found
Score Distribution
Percent of People with Each Score
Percentile by Number Answered
Your Score History
You have not taken this quiz